| 000 | 00365 a2200121 4500 | ||
|---|---|---|---|
| 000 | nam a22 7a 4500 | ||
| 005 | 20260401171224.0 | ||
| 020 | _a9789370337558 | ||
| 100 |
_aManisha Choudhary _91234049 |
||
| 245 | _aThe University Of Delhi: A Comprehensive Account of Resilience Knowledge Leadership and Growth | ||
| 260 |
_bPrimus Books _c2025 |
||
| 942 | _cTEXL | ||
| 999 |
_c1847960 _d1847960 |
||